SUSTAINABLE TRENDS &PRACTICES IN MANAGEMENT,HUMANITIES & SOCIAL SCINCE RESEARCH / (Record no. 204563)

MARC details
000 -LEADER
fixed length control field 00573nam a22001817a 4500
005 - DATE AND TIME OF LATEST TRANSACTION
control field 20240820110245.0
010 ## - LCCN (DPL NO)
LC control number ENG-141051
020 ## - INTERNATIONAL STANDARD BOOK NUMBER
Terms of availability 400.00
International Standard Book Number 9789393734839
035 ## - SYSTEM CONTROL NUMBER
System control number EN-124583
037 ## - SOURCE OF ACQUISITION
Source of stock number/acquisition DBAD
082 ## - DEWEY DECIMAL CLASSIFICATION NUMBER
Classification number 300
100 ## - MAIN ENTRY--PERSONAL NAME
Personal name Bhattacharjee,Poulomi
245 ## - TITLE STATEMENT
Title SUSTAINABLE TRENDS &PRACTICES IN MANAGEMENT,HUMANITIES & SOCIAL SCINCE RESEARCH /
Statement of responsibility, etc Poulomi Bhattacharjee,Joydeep Mukherjee
260 ## - PUBLICATION, DISTRIBUTION, ETC. (IMPRINT)
Name of publisher, distributor, etc Exceller Open
Date of publication, distribution, etc 2023
300 ## - PHYSICAL DESCRIPTION
Extent 87p.
Dimensions 27cm(pbk)
710 ## - ADDED ENTRY--CORPORATE NAME
Corporate name or jurisdiction name as entry element Roma Chatterjee
Relator term Editor
9 (RLIN) 59600
942 ## - ADDED ENTRY ELEMENTS (KOHA)
Source of classification or shelving scheme Dewey Decimal Classification
Item type English Books
Classification part 300
Call number suffix BHA
Holdings
Withdrawn status Lost status Not for loan Collection code Home library Current library Date acquired Source of acquisition Cost, normal purchase price Full call number Barcode Copy number Cost, replacement price Koha item type
      Non-fiction Patel Nagar Patel Nagar 29/07/2024 DBAD 400.00 300 BHA EN-124583 1 400.00 English Books

© Delhi Public Library
Hit Counter
free hit counter